Представление документа в формате MARC21

Поле Инд. ПП Название Значение
Тип записи a
Библиографический уровень b
001 Контрольный номер RU/IS/BASE/140012558
005 Дата корректировки 20200630193239.7
084 a Индекс другой классификации/Индекс ББК 63.51(2)-53в682
a Индекс другой классификации/Индекс ББК 63.3(2)411-7в682
a Индекс другой классификации/Индекс ББК 67.3(2)4
a Индекс другой классификации/Индекс ББК 86.21; 60.561.51
a Индекс другой классификации/Индекс ББК 60.563.05
100 1_ a Автор Носкова А. В.
245 10 a Заглавие Исторический опыт взаимодействия институтов семьи, государства и церкви после принятия христианства на Руси
b Продолж. заглавия (социологический анализ)
504 a Библиография Библиогр. ссылки
520 0_ a Аннотация В статье проводится социологический анализ воздействия государства и других социальных институтов на семью с целью корректировки сложившегося положения в данном социальном институте (речь идет о возможности конструирования эффективной семейной политики)
650 04 a Основная рубрика историческая этнология (историческая этнография)
a Основная рубрика исторические науки
a Основная рубрика история
a Основная рубрика история государства и права
a Основная рубрика право
a Основная рубрика религиоведение
a Основная рубрика религия
a Основная рубрика социология
a Основная рубрика социология религии
a Основная рубрика социология семьи
a Основная рубрика этнология (этнография)
653 0_ a Ключевые слова X век
a Ключевые слова XI век
a Ключевые слова XII век
a Ключевые слова XIII век
a Ключевые слова XIV век
a Ключевые слова XV век
a Ключевые слова XVI век
a Ключевые слова брак
a Ключевые слова брачно-семейное право
a Ключевые слова брачно-семейные отношения
a Ключевые слова брачные традиции
a Ключевые слова Древняя Русь
a Ключевые слова Россия
a Ключевые слова русские
a Ключевые слова семейные отношения
a Ключевые слова семейные традиции
a Ключевые слова семья
a Ключевые слова славяне
a Ключевые слова социологический анализ
a Ключевые слова христианская мораль
a Ключевые слова христианская сексуальная этика
a Ключевые слова христианские ценности
a Ключевые слова христианство
a Ключевые слова церковное право
a Ключевые слова церковный брак
a Ключевые слова языческий брак
a Ключевые слова культура
773 18 t Заглавие источника Вестник Московского университета. Серия 18, Социология и политология
d Дата издания источника 2002
g Прочая информация № 1. - С. 75 - 84
w Контрольный № источника RU/IS/BASE/148577933
901 t Тип документа b